书目信息 |
| 题名: |
中文AutoCAD建筑设计精彩范例
|
|
| 作者: | 王泽云 , 周运鸿 编著 ;华老鼠 主编 | |
| 分册: | ||
| 出版信息: | 北京 机械工业出版社 2004.1 |
|
| 页数: | 430页 | |
| 开本: | 26cm | |
| 丛书名: | 电脑视界 | |
| 单 册: | ||
| 中图分类: | TU201.4 | |
| 科图分类: | ||
| 主题词: | 建筑设计--计算机辅助设计--应用软件, AutoCAD , 建筑设计 , 计算机辅助设计 | |
| 电子资源: | ||
| ISBN: | 7-111-13591-1 | |
| 000 | 01068nam2 2200325 45 | |
| 001 | 012004000000 | |
| 005 | 20050111144624.67 | |
| 010 | @a7-111-13591-1@dCNY 42.00 | |
| 100 | @a20040428d2004 em y0chiy0121 ea | |
| 101 | 0 | @achi |
| 102 | @aCN@b110000 | |
| 105 | @aa z 000yy | |
| 200 | 1 | @a中文AutoCAD建筑设计精彩范例@Azhong wen AutoCAD jian zhu she ji jing cai fan li@f王泽云, 周运鸿等编著 |
| 210 | @a北京@c机械工业出版社@d2004.1 | |
| 215 | @a430页@c图@d26cm@e附光盘1片 | |
| 225 | 2 | @a电脑视界@i我是一名设计师@f华老鼠主编 |
| 307 | @a附光盘: ISBN 7-89492-056-0 | |
| 330 | @a本书内容: AutoCAD基础; 预备篇; 建筑设施篇; 公共建筑篇...... | |
| 410 | 0 | @12001 @a电脑视界 |
| 410 | 0 | @12001 @a我是一名设计师 |
| 606 | 0 | @a建筑设计@x计算机辅助设计@x应用软件, AutoCAD |
| 606 | 0 | @a建筑设计 |
| 606 | 0 | @a计算机辅助设计 |
| 610 | 1 | @aAutoCAD |
| 690 | @aTU201.4@v4 | |
| 701 | 0 | @a王泽云@Awang ze yun@4编著 |
| 701 | 0 | @a周运鸿@Azhou yun hong@4编著 |
| 702 | 0 | @a华老鼠@Ahua lao shu@4主编 |
| 801 | 0 | @aCN@bQSSKxf@c20050111 |
| 905 | @a10447@dTU201.4@eW450 | |
| 中文AutoCAD建筑设计精彩范例/王泽云, 周运鸿等编著.-北京:机械工业出版社,2004.1 |
| 430页:图;26cm+附光盘1片.-(电脑视界.我是一名设计师/华老鼠主编) |
| ISBN 7-111-13591-1:CNY 42.00 |
| 本书内容: AutoCAD基础; 预备篇; 建筑设施篇; 公共建筑篇...... |
| ● |
| 相关链接 |
|
|
|
正题名:中文AutoCAD建筑设计精彩范例
索取号:TU201.4/W450
 
预约/预借
| 序号 | 登录号 | 条形码 | 馆藏地/架位号 | 状态 | 备注 |
| 1 | 436186 | 204361868 | 管理学院资料室/ [索取号:TU201.4/W450] | 在馆 | |
| 2 | 436187 | 204361877 | 建筑库101/101建筑库 36排1列5层/ [索取号:TU201.4/W450] | 在馆 | |
| 3 | 436188 | 204361886 | 建筑库101/101建筑库 36排1列5层/ [索取号:TU201.4/W450] | 在馆 |